01469nam a2200229 a 4500001001000000005001700010008004100027041000800068044000700076050002300083100005900106245006300165260003800228300004100266500006300307500006300370500000800433504005200441505069500493650001901188700003201207BRCA_728720190320205800.0850430m19311951sp-a#####b---#001-0#spa-d aspa asp 4aN5300b.C67 8 19311 aCossíod1857-1935qManuel Pedro Bartolomé Cossío10aSumma Artisbhistoria general del artecCossío-Pijoán. aEspañabEspasa-Calpec1931-1951 a14 v.bil. (algunas a color)c27 cm. aEnciclopedia inventariada por Banco de México como libro aVer también AA121, AA122, AA123, D136, D137, D138 y D142 aN28 aIncluye referencias bibliográficas e índice0 aContenido: v.1. Arte de los pueblos aborígenes, J.P. -- v.2. Arte del Asia occidental, J.P. -- v.3. El arte egipcio: hasta la conquista romana, J.P. -- v.4. El arte griego, J.P. -- v.5. El arte romano: hasta la muerte de Diocleciano, J.P. -- v.6. El arte prehistórico europeo, J.P. -- v.7. Arte cristiano primitivo. Arte bizantino, J.P. -- v.8. Arte bárbaro y prerrománico, J.P. -- v.9. El arte románico: siglos XI y XII. -- v.10. Arte precolombiano, mexicano y maya. -- v.11. Arte gótico de la Europa occidental. Siglos XIII, XIV y XV. -- v.12. Arte islámico. -- v.13. Arte del periodo humanístico trecento y cuatrocento. -- v.14. Renacimiento romano y veneciano: siglo XVI14aArtexHistoria1 aPijoán, Joséd1880-1963